[Event "Piraeus IM 12"]
[Site "Piraeus"]
[Date "2023.12.16"]
[Round "3"]
[White "Fodor, Balazs"]
[Black "Moutousis, Konstantinos"]
[Result "1/2-1/2"]
[WhiteElo "2225"]
[BlackElo "2350"]
[PlyCount "80"]
[EventDate "2023.12.14"]
[EventType "tourn"]
[EventRounds "9"]
[EventCountry "GRE"]
[EventCategory "2"]
[SourceTitle "CB52_2023"]
[SourceDate "2023.12.27"]
[SourceVersion "1"]
[SourceVersionDate "2023.12.27"]
[SourceQuality "1"]

1. d4 Nf6 2. c4 e6 3. g3 Bb4+ 4. Bd2 Bxd2+ 5. Qxd2 0-0 6. Bg2 d5 7. Nc3 dxc4 8. Nf3 Qe7 9. 0-0 c5 10. dxc5 Qxc5 11. Rac1 Nc6 12. Rfd1 h6 13. Na4 Qb5 14. Nc3 Qb6 15. Na4 Qa6 16. b3 cxb3 17. axb3 Qb5 18. Qb2 Bd7 19. e4 Rad8 20. e5 Nd5 21. Nc5 Bc8 22. Ne4 Qb6 23. Kh1 f6 24. exf6 Nxf6 25. Nxf6+ Rxf6 26. Rxd8+ Qxd8 27. Qe2 Qb6 28. Rc3 Bd7 29. Re3 Qa5 30. h4 Kf8 31. Qd3 Qd8 32. Qh7 Be8 33. Bh3 Qd5 34. Qh8+ Kf7 35. Kh2 e5 36. Bf1 b5 37. Bg2 Qd6 38. Qh7 Kf8 39. Qh8+ Kf7 40. Qh7 Kf8 1/2-1/2

[Event "GRE-ch 71st"]
[Site "Athens"]
[Date "2022.12.07"]
[Round "5"]
[White "Koutlas, Nikolaos"]
[Black "Moutousis, Konstantinos"]
[Result "1-0"]
[WhiteElo "2267"]
[BlackElo "2392"]
[PlyCount "171"]
[EventDate "2022.12.03"]
[EventType "tourn"]
[EventRounds "9"]
[EventCountry "GRE"]
[EventCategory "4"]
[SourceTitle "CBM 211 Extra"]
[Source "ChessBase"]
[SourceDate "2023.01.31"]
[SourceVersion "1"]
[SourceVersionDate "2023.01.31"]
[SourceQuality "1"]

1. e4 c6 2. d4 d5 3. e5 c5 4. Nf3 a6 5. dxc5 Nc6 6. Nc3 e6 7. Na4 Bxc5 8. Nxc5 Qa5+ 9. c3 Qxc5 10. Bd3 Nge7 11. 0-0 Ng6 12. Re1 f6 13. exf6 gxf6 14. b4 Qe7 15. Be3 e5 16. Bc5 Qf7 17. b5 axb5 18. Bxb5 Bd7 19. c4 dxc4 20. Qc2 Na5 21. Bxd7+ Qxd7 22. Rad1 Qc8 23. Qa4+ Qc6 24. Qb4 b6 25. Bxb6 Nb7 26. Nd4 Qa4 27. Qd2 Ra6 28. Rb1 Qd7 29. Qc2 Nd6 30. Bc5 0-0 31. Nb5 Nxb5 32. Qxc4+ Qf7 33. Qxb5 Rfa8 34. a3 Nf4 35. Bb4 Kh8 36. Rbd1 R6a7 37. Re3 Qh5 38. Rde1 Qf7 39. Rg3 Rd7 40. Qc6 Rad8 41. h3 h5 42. Kh2 Rd5 43. Qa6 Kh7 44. Rc1 Re8 45. Rc8 Rdd8 46. Rc6 Re6 47. Qc4 Rd4 48. Qc2+ e4 49. Rc7 Rd7 50. Rxd7 Qxd7 51. Qc5 Re8 52. Bd2 Nd5 53. h4 Ra8 54. Qc2 Qe6 55. Bc1 Rg8 56. Rb3 Qg4 57. g3 Ne7 58. Rb7 Rg7 59. Qd2 Nf5 60. Rxg7+ Kxg7 61. Qf4 Qxf4 62. Bxf4 Kf7 63. Kg2 Ke6 64. f3 e3 65. Kf1 Kd5 66. a4 Kc4 67. Ke2 Kb4 68. Kd3 Kxa4 69. Bxe3 Nxg3 70. Bf2 Nf5 71. Ke4 Ne7 72. Bd4 f5+ 73. Kf4 Kb3 74. Bf6 Nd5+ 75. Kxf5 Kc4 76. Be5 Kd3 77. Kg5 Ke3 78. f4 Ke4 79. Kxh5 Kf5 80. Kh6 Kg4 81. h5 Ne7 82. Bf6 Nf5+ 83. Kg6 Kxf4 84. Bd8 Ke5 85. Bg5 Ke4 86. Kf6 1-0

[Event "GRE-ch 71st"]
[Site "Athens"]
[Date "2022.12.03"]
[Round "1"]
[White "Mitsis, Georgios"]
[Black "Moutousis, Konstantinos"]
[Result "1-0"]
[WhiteElo "2365"]
[BlackElo "2392"]
[PlyCount "85"]
[EventDate "2022.12.03"]
[EventType "tourn"]
[EventRounds "9"]
[EventCountry "GRE"]
[EventCategory "4"]
[SourceTitle "CBM 211 Extra"]
[Source "ChessBase"]
[SourceDate "2023.01.31"]
[SourceVersion "1"]
[SourceVersionDate "2023.01.31"]
[SourceQuality "1"]

1. d4 c5 2. d5 e5 3. e4 d6 4. Nc3 a6 5. a4 b6 6. Be2 Nf6 7. Nf3 Be7 8. 0-0 0-0 9. Nd2 Nbd7 10. Nc4 Ne8 11. g3 Bf6 12. f4 exf4 13. gxf4 Bb7 14. Bg4 Bd4+ 15. Be3 f5 16. Bh3 Bxc3 17. bxc3 b5 18. Nd2 fxe4 19. Be6+ Kh8 20. Nxe4 Ndf6 21. Nxf6 Qxf6 22. f5 Nc7 23. Qd2 Nxe6 24. fxe6 Qg6+ 25. Qg2 Qxg2+ 26. Kxg2 Bxd5+ 27. Kg1 Rxf1+ 28. Kxf1 Bxe6 29. axb5 Bc4+ 30. Kg1 Bxb5 31. Rd1 Re8 32. Bf4 h6 33. Rxd6 Re2 34. Rd5 c4 35. Rc5 Kh7 36. Be5 g5 37. Bd4 Kg6 38. Rd5 h5 39. Rd6+ Kf5 40. Rd5+ Kg4 41. Bf6 Rg2+ 42. Kxg2 Bc6 43. h3+ 1-0

[Event "GRE-ch 67th"]
[Site "Thessaloniki"]
[Date "2017.12.21"]
[Round "7"]
[White "Mastrovasilis, Athanasios"]
[Black "Moutousis, Konstantinos"]
[Result "1-0"]
[WhiteElo "2493"]
[BlackElo "2389"]
[PlyCount "71"]
[EventDate "2017.12.15"]
[EventType "tourn"]
[EventRounds "9"]
[EventCountry "GRE"]
[EventCategory "5"]
[SourceTitle "CBM 182 Extra"]
[Source "ChessBase"]
[SourceDate "2018.02.23"]
[SourceVersion "1"]
[SourceVersionDate "2018.02.23"]
[SourceQuality "1"]

1. Nf3 Nf6 2. c4 b6 3. g3 Bb7 4. Bg2 c5 5. 0-0 e6 6. Nc3 a6 7. b3 Be7 8. Bb2 0-0 9. e3 d6 10. d4 cxd4 11. exd4 d5 12. Rc1 Ra7 13. Re1 dxc4 14. bxc4 b5 15. d5 exd5 16. cxb5 axb5 17. Nxb5 Rxa2 18. Qb3 Ra5 19. Nfd4 Ne4 20. Nf5 Bf6 21. Bxe4 dxe4 22. Nbd6 Bd5 23. Qb4 Na6 24. Qd2 Bxb2 25. Rc8 Bf6 26. Rxd8 Bxd8 27. Ne7+ Bxe7 28. Qxa5 Bxd6 29. Qxd5 Bb8 30. Rb1 Nc7 31. Qd6 g6 32. Rb7 h5 33. Kg2 Re8 34. Qb4 Na6 35. Qb5 Re6 36. Rb6 1-0

[Event "GRE-ch 67th"]
[Site "Thessaloniki"]
[Date "2017.12.20"]
[Round "6"]
[White "Moutousis, Konstantinos"]
[Black "Sandalakis, Nikolaos"]
[Result "1-0"]
[WhiteElo "2389"]
[BlackElo "2213"]
[PlyCount "53"]
[EventDate "2017.12.15"]
[EventType "tourn"]
[EventRounds "9"]
[EventCountry "GRE"]
[EventCategory "5"]
[SourceTitle "CBM 182 Extra"]
[Source "ChessBase"]
[SourceDate "2018.02.23"]
[SourceVersion "1"]
[SourceVersionDate "2018.02.23"]
[SourceQuality "1"]

1. d4 d5 2. Bf4 Nf6 3. e3 c5 4. Nc3 e6 5. Nb5 Na6 6. c3 Be7 7. a4 0-0 8. h4 Ne4 9. Bd3 Bd7 10. Nf3 f6 11. Qc2 Bc6 12. Nd2 cxd4 13. Nxd4 Bd7 14. Nxe4 dxe4 15. Bxe4 e5 16. Bxh7+ Kh8 17. Bg6 Qc8 18. Nf5 exf4 19. Nxe7 Qc5 20. 0-0-0 Bg4 21. Nd5 Rad8 22. Nxf4 Bxd1 23. Rxd1 Qe5 24. Bd3 Qc5 25. b4 Nxb4 26. cxb4 Qxc2+ 27. Kxc2 1-0

[Event "GRE-ch 67th"]
[Site "Thessaloniki"]
[Date "2017.12.18"]
[Round "4"]
[White "Moutousis, Konstantinos"]
[Black "Kelires, Andreas"]
[Result "1/2-1/2"]
[WhiteElo "2389"]
[BlackElo "2519"]
[PlyCount "76"]
[EventDate "2017.12.15"]
[EventType "tourn"]
[EventRounds "9"]
[EventCountry "GRE"]
[EventCategory "5"]
[SourceTitle "CBM 182 Extra"]
[Source "ChessBase"]
[SourceDate "2018.02.23"]
[SourceVersion "1"]
[SourceVersionDate "2018.02.23"]
[SourceQuality "1"]

1. d4 Nf6 2. c4 e6 3. Nc3 Bb4 4. e3 b6 5. Bd3 Bb7 6. Nge2 0-0 7. a3 Be7 8. e4 d5 9. cxd5 exd5 10. e5 Ne4 11. Qc2 c5 12. Nxe4 dxe4 13. Bxe4 Bxe4 14. Qxe4 Nd7 15. d5 Re8 16. 0-0 Bf8 17. f4 Nf6 18. Qc2 Nxd5 19. Rd1 Re7 20. Nc3 Rd7 21. Nxd5 Rxd5 22. Be3 Rc8 23. Rxd5 Qxd5 24. Rd1 Qe6 25. Qe4 g6 26. Rd5 Be7 27. a4 c4 28. Bd4 h5 29. Kf2 Rc7 30. Ke3 Kh7 31. a5 bxa5 32. Rxa5 a6 33. Qd5 Qf5 34. Qe4 Qe6 35. Qd5 Qf5 36. Qe4 Qe6 37. Qd5 Qf5 38. Qe4 Qe6 1/2-1/2

[Event "GRE-ch 67th"]
[Site "Thessaloniki"]
[Date "2017.12.17"]
[Round "3"]
[White "Moutousis, Konstantinos"]
[Black "Michelakos, Panagiotis"]
[Result "1-0"]
[WhiteElo "2389"]
[BlackElo "2272"]
[PlyCount "55"]
[EventDate "2017.12.15"]
[EventType "tourn"]
[EventRounds "9"]
[EventCountry "GRE"]
[EventCategory "5"]
[SourceTitle "CBM 182 Extra"]
[Source "ChessBase"]
[SourceDate "2018.02.23"]
[SourceVersion "1"]
[SourceVersionDate "2018.02.23"]
[SourceQuality "1"]

1. d4 Nf6 2. c4 e6 3. Nc3 Bb4 4. e3 0-0 5. Bd3 d5 6. a3 Bxc3+ 7. bxc3 c5 8. cxd5 exd5 9. f3 b6 10. Ne2 Ba6 11. 0-0 Bxd3 12. Qxd3 Nc6 13. e4 Qd7 14. Bb2 dxe4 15. fxe4 Ne5 16. Qa6 Ng6 17. Rxf6 gxf6 18. Ng3 Qg4 19. Rf1 h5 20. Qd3 Rae8 21. Qe3 h4 22. Nf5 Qh5 23. h3 c4 24. Bc1 Re6 25. d5 Ree8 26. Nh6+ Kg7 27. Ng4 f5 28. Rxf5 1-0

[Event "GRE-chT 45th"]
[Site "Achaia"]
[Date "2017.07.07"]
[Round "6.3"]
[White "Moutousis, Konstantinos"]
[Black "Postny, Evgeny"]
[Result "0-1"]
[WhiteElo "2411"]
[BlackElo "2558"]
[PlyCount "158"]
[EventDate "2017.07.03"]
[EventType "team-swiss"]
[EventRounds "7"]
[EventCountry "GRE"]
[SourceTitle "CBM 179 Extra"]
[Source "ChessBase"]
[SourceDate "2017.08.23"]
[SourceVersion "1"]
[SourceVersionDate "2017.08.23"]
[SourceQuality "1"]
[WhiteTeam "Peristeriou CP"]
[BlackTeam "Heraklion CN"]
[WhiteTeamCountry "GRE"]
[BlackTeamCountry "GRE"]

1. Nf3 Nf6 2. c4 e6 3. g3 d5 4. Bg2 dxc4 5. Qa4+ c6 6. Qxc4 b5 7. Qc2 Bb7 8. 0-0 c5 9. a4 b4 10. a5 Nbd7 11. d3 Be7 12. Nbd2 0-0 13. Nc4 Rc8 14. e4 Nb8 15. b3 Ba6 16. Bb2 Nc6 17. Rfe1 Ne8 18. e5 Nc7 19. Nfd2 Nb5 20. Rac1 Qd7 21. Be4 Ncd4 22. Qd1 Bb7 23. Nf3 Rfd8 24. Bxd4 cxd4 25. Bxb7 Qxb7 26. Nfd2 Qd5 27. Qg4 Kh8 28. h4 Rg8 29. Kh2 Rc6 30. Nf3 f5 31. Qf4 h6 32. Rh1 Rcc8 33. Kg1 Nc3 34. Re1 Rcd8 35. Rh2 Rd7 36. Kf1 Bd8 37. Ra1 Bc7 38. Ke1 Qa8 39. Ng1 Rd5 40. Nf3 Qd8 41. a6 Qd7 42. Kf1 Rd8 43. h5 Qe8 44. g4 fxg4 45. Qxg4 R5d7 46. Nh4 Rf7 47. Kg1 Kg8 48. Re1 Qc6 49. Rg2 Nd5 50. Ng6 Qxa6 51. Nd2 Qxd3 52. Ne4 Re8 53. Nf6+ Nxf6 54. exf6 Qc3 55. Rf1 Rxf6 56. f4 Rf7 57. Re2 Qxb3 58. Rfe1 Rf6 59. Rc1 Bb6 60. Kh1 Qd5+ 61. Kh2 Qf5 62. Qf3 Rf7 63. Rec2 e5 64. Re2 Kh7 65. Re4 Rc7 66. Rce1 Rc3 67. Nh4 Rxf3 68. Nxf5 Rf8 69. Nh4 R3xf4 70. Ng6 Rxe4 71. Nxf8+ Kg8 72. Rxe4 Kxf8 73. Kg2 Bc7 74. Kf3 a5 75. Ke2 a4 76. Kd3 b3 77. Kc4 b2 78. Re1 Ba5 79. Rg1 Bc3 0-1

[Event "GRE-chT 45th"]
[Site "Achaia"]
[Date "2017.07.03"]
[Round "1.7"]
[White "Hadzimanolis, Antonios"]
[Black "Moutousis, Konstantinos"]
[Result "1/2-1/2"]
[WhiteElo "2231"]
[BlackElo "2411"]
[PlyCount "104"]
[EventDate "2017.07.03"]
[EventType "team-swiss"]
[EventRounds "7"]
[EventCountry "GRE"]
[SourceTitle "CBM 179 Extra"]
[Source "ChessBase"]
[SourceDate "2017.08.23"]
[SourceVersion "1"]
[SourceVersionDate "2017.08.23"]
[SourceQuality "1"]
[WhiteTeam "Triandrias PG"]
[BlackTeam "Peristeriou CP"]
[WhiteTeamCountry "GRE"]
[BlackTeamCountry "GRE"]

1. e4 e6 2. d4 d5 3. exd5 exd5 4. c4 Nf6 5. Nc3 Bb4 6. Bd3 0-0 7. Nge2 dxc4 8. Bxc4 Nc6 9. 0-0 a6 10. Bg5 Be7 11. Rc1 h6 12. Bh4 Bf5 13. d5 Nxd5 14. Bxd5 Bxh4 15. Bxc6 bxc6 16. Nd4 Bd7 17. Ne4 Bf6 18. Nxc6 Bxc6 19. Qxd8 Rfxd8 20. Nxf6+ gxf6 21. Rxc6 Rd2 22. Rxf6 Kg7 23. Rc6 Rxb2 24. a4 Ra2 25. Rc4 Rd8 26. g3 c5 27. Rxc5 Rxa4 28. Re1 Rd6 29. Re2 Ra3 30. Kg2 Rd7 31. Re4 Rd6 32. Rg4+ Rg6 33. Rf4 Rf6 34. Rxf6 Kxf6 35. h4 a5 36. f4 a4 37. Kh3 Rb3 38. Ra5 a3 39. Kg4 Kg7 40. h5 Rc3 41. Ra6 Rb3 42. f5 f6 43. Kf4 Kf7 44. Ra7+ Ke8 45. g4 Kd8 46. Ke4 Kc8 47. Kd5 Kb8 48. Ra4 Re3 49. Kd4 Rg3 50. Kd5 Re3 51. Kd4 Rg3 52. Kd5 Re3 1/2-1/2

[Event "Peristeri op"]
[Site "Peristeri"]
[Date "2015.01.06"]
[Round "5"]
[White "Hristodoulou, Panagiotis"]
[Black "Moutousis, Konstantinos"]
[Result "1/2-1/2"]
[WhiteElo "2303"]
[BlackElo "2400"]
[PlyCount "89"]
[EventDate "2015.01.02"]
[EventType "swiss"]
[EventRounds "7"]
[EventCountry "GRE"]
[SourceTitle "EXT 2016"]
[Source "ChessBase"]
[SourceDate "2015.10.08"]
[SourceVersion "1"]
[SourceVersionDate "2015.10.08"]
[SourceQuality "1"]

1. e4 c5 2. Nf3 Nc6 3. d4 cxd4 4. Nxd4 Nf6 5. Nc3 d6 6. Bg5 e6 7. Qd2 a6 8. 0-0-0 Bd7 9. f4 b5 10. Bxf6 gxf6 11. Kb1 Nxd4 12. Qxd4 Be7 13. Be2 Rb8 14. f5 Qb6 15. Qd2 b4 16. fxe6 fxe6 17. Bh5+ Kd8 18. Ne2 Rg8 19. Nd4 Rg5 20. Bf7 Re5 21. Rhe1 Kc7 22. Qh6 Kb7 23. Qxh7 Qd8 24. Qh3 Qc8 25. Re3 Qh8 26. Bxe6 Bxe6 27. Qf3 Qc8 28. Nxe6 Qxe6 29. Rd4 a5 30. a3 Kc7 31. axb4 Rxb4 32. Rxb4 axb4 33. Qe2 f5 34. Qa6 Rxe4 35. Qa7+ Kd8 36. Qa8+ Kd7 37. Qa4+ Kd8 38. Qa8+ Qc8 39. Qa5+ Ke8 40. Rxe4 fxe4 41. Qh5+ Kd8 42. Qa5+ Ke8 43. Qh5+ Kd8 44. Qa5+ Ke8 45. Qh5+ 1/2-1/2

[Event "GRE-ch 63rd"]
[Site "Athens"]
[Date "2014.04.06"]
[Round "9"]
[White "Malikentzos, Sotirios"]
[Black "Moutousis, Konstantinos"]
[Result "1/2-1/2"]
[WhiteElo "2314"]
[BlackElo "2416"]
[PlyCount "81"]
[EventDate "2014.03.29"]
[EventType "tourn"]
[EventRounds "9"]
[EventCountry "GRE"]
[EventCategory "6"]
[SourceTitle "CBM 159 Extra"]
[Source "ChessBase"]
[SourceDate "2014.04.24"]
[SourceVersion "1"]
[SourceVersionDate "2014.04.24"]
[SourceQuality "1"]

1. Nf3 Nf6 2. g3 b6 3. Bg2 Bb7 4. c4 g6 5. d4 Bg7 6. 0-0 e6 7. Nc3 Ne4 8. Nxe4 Bxe4 9. Bg5 Qc8 10. Qd2 h6 11. Be3 Qb7 12. Rfd1 d6 13. Rac1 Nd7 14. d5 e5 15. b4 Nf6 16. Bh3 g5 17. Ne1 Kf8 18. f3 Bg6 19. c5 Rd8 20. cxb6 axb6 21. Bf2 b5 22. Rc6 g4 23. Bg2 h5 24. Rdc1 Rd7 25. Nc2 Bh6 26. Be3 Bxe3+ 27. Nxe3 Qa7 28. h4 Nxd5 29. Qxd5 Qxe3+ 30. Kh2 Qxe2 31. fxg4 hxg4 32. Rxc7 Rxc7 33. Qxd6+ Kg7 34. Rxc7 Qe1 35. Qe7 Qa1 36. Rc6 Qb2 37. Rxg6+ Kxg6 38. Qg5+ Kh7 39. Qf5+ Kg7 40. Qg5+ Kf8 41. Qd8+ 1/2-1/2

[Event "GRE-ch 63rd"]
[Site "Athens"]
[Date "2014.03.30"]
[Round "2"]
[White "Dimitrov, Atanas Valtchev"]
[Black "Moutousis, Konstantinos"]
[Result "1/2-1/2"]
[WhiteElo "2340"]
[BlackElo "2416"]
[PlyCount "74"]
[EventDate "2014.03.29"]
[EventType "tourn"]
[EventRounds "9"]
[EventCountry "GRE"]
[EventCategory "6"]
[SourceTitle "CBM 159 Extra"]
[Source "ChessBase"]
[SourceDate "2014.04.24"]
[SourceVersion "1"]
[SourceVersionDate "2014.04.24"]
[SourceQuality "1"]

1. d4 Nf6 2. Nf3 e6 3. c4 Bb4+ 4. Bd2 Bxd2+ 5. Nbxd2 d6 6. g3 Qe7 7. e4 e5 8. d5 0-0 9. Bg2 a5 10. 0-0 Nbd7 11. Ne1 Nc5 12. Qc2 Ng4 13. h3 Nf6 14. Nd3 b6 15. b3 Nh5 16. Rae1 Qg5 17. Kh2 f5 18. Nxc5 bxc5 19. exf5 Bxf5 20. Qc3 Bg6 21. Nf3 Qh6 22. Nh4 Be8 23. Qe3 Qf6 24. Nf3 h6 25. Nd2 g5 26. Ne4 Qg7 27. Bf3 Kh8 28. Qe2 Nf6 29. Nxf6 Rxf6 30. Bg4 Bg6 31. Bh5 Bxh5 32. Qxh5 Raf8 33. Kg2 Qf7 34. Qxf7 R6xf7 35. f3 Kg7 36. Re3 Kg6 37. Rf2 Rb8 1/2-1/2

[Event "GRE-ch 63rd"]
[Site "Athens"]
[Date "2014.03.29"]
[Round "1"]
[White "Moutousis, Konstantinos"]
[Black "Galopoulos, Nikolaos"]
[Result "1/2-1/2"]
[WhiteElo "2416"]
[BlackElo "2355"]
[PlyCount "35"]
[EventDate "2014.03.29"]
[EventType "tourn"]
[EventRounds "9"]
[EventCountry "GRE"]
[EventCategory "6"]
[SourceTitle "CBM 159 Extra"]
[Source "ChessBase"]
[SourceDate "2014.04.24"]
[SourceVersion "1"]
[SourceVersionDate "2014.04.24"]
[SourceQuality "1"]

1. e4 e5 2. Nf3 Nc6 3. Bc4 Be7 4. d4 exd4 5. c3 Na5 6. Be2 dxc3 7. Nxc3 d6 8. 0-0 Nf6 9. Qa4+ Nc6 10. Rd1 Bd7 11. Qb3 0-0 12. Qxb7 Rb8 13. Qa6 Nb4 14. Qa5 Nc6 15. Qa4 Nb4 16. Qa5 Nc6 17. Qa4 Nb4 18. Qa5 1/2-1/2

[Event "Nikaia op 21st"]
[Site "Nikaia"]
[Date "2013.09.02"]
[Round "9"]
[White "Kourkoulos Arditis, Stamatis"]
[Black "Moutousis, Konstantinos"]
[Result "0-1"]
[WhiteElo "2277"]
[BlackElo "2406"]
[PlyCount "42"]
[EventDate "2013.08.26"]
[EventType "swiss"]
[EventRounds "9"]
[EventCountry "GRE"]
[SourceTitle "CBM 156 Extra"]
[Source "ChessBase"]
[SourceDate "2013.10.22"]
[SourceVersion "1"]
[SourceVersionDate "2013.10.22"]
[SourceQuality "1"]

1. e4 c5 2. Nf3 d6 3. d4 cxd4 4. Nxd4 Nf6 5. Nc3 Nc6 6. Bg5 e6 7. Qd2 a6 8. 0-0-0 Bd7 9. f4 h6 10. Bh4 g5 11. fxg5 Ng4 12. Nf3 hxg5 13. Bxg5 f6 14. e5 fxg5 15. exd6 Qa5 16. Bc4 0-0-0 17. Rhe1 Nf6 18. Kb1 g4 19. Qf4 Qf5 20. Qe3 gxf3 21. Qb6 Qa5 0-1

[Event "Nikaia op 21st"]
[Site "Nikaia"]
[Date "2013.08.30"]
[Round "5"]
[White "Kesoglou, Konstantinos"]
[Black "Moutousis, Konstantinos"]
[Result "0-1"]
[WhiteElo "2114"]
[BlackElo "2406"]
[PlyCount "85"]
[EventDate "2013.08.26"]
[EventType "swiss"]
[EventRounds "9"]
[EventCountry "GRE"]
[SourceTitle "CBM 156 Extra"]
[Source "ChessBase"]
[SourceDate "2013.10.22"]
[SourceVersion "1"]
[SourceVersionDate "2013.10.22"]
[SourceQuality "1"]

1. d4 Nf6 2. c4 e6 3. Nc3 d5 4. Nf3 c6 5. e3 Nbd7 6. Bd3 dxc4 7. Bxc4 b5 8. Bd3 a6 9. e4 c5 10. d5 Qc7 11. dxe6 fxe6 12. 0-0 c4 13. Bc2 Bb7 14. Qe2 Bd6 15. h3 0-0 16. Bd2 Rae8 17. Rfe1 Ne5 18. Nxe5 Bxe5 19. a3 Bd4 20. Rf1 e5 21. Rac1 Qf7 22. Qf3 Qg6 23. Qf5 Qf7 24. Kh2 h6 25. Rce1 g5 26. Qf3 Qg6 27. Qe2 g4 28. Be3 Bc8 29. Nd5 Nh5 30. hxg4 Bxg4 31. f3 Bc8 32. g4 Ng7 33. Rg1 Ne6 34. f4 exf4 35. e5 Qg5 36. Nf6+ Rxf6 37. exf6 Bxe3 38. Be4 Qxf6 39. g5 Nxg5 40. Bd5+ Kg7 41. Kh1 Re5 42. Qg2 Bxg1 43. Rxg1 0-1

[Event "Nikaia op 21st"]
[Site "Nikaia"]
[Date "2013.08.26"]
[Round "1"]
[White "Moutousis, Konstantinos"]
[Black "Iliopoulos, Andreas"]
[Result "1-0"]
[WhiteElo "2406"]
[BlackElo "1888"]
[PlyCount "79"]
[EventDate "2013.08.26"]
[EventType "swiss"]
[EventRounds "9"]
[EventCountry "GRE"]
[SourceTitle "CBM 156 Extra"]
[Source "ChessBase"]
[SourceDate "2013.10.22"]
[SourceVersion "1"]
[SourceVersionDate "2013.10.22"]
[SourceQuality "1"]

1. e4 d5 2. Nc3 dxe4 3. Nxe4 Qd5 4. Ng3 Nf6 5. Nf3 Bg4 6. Be2 c6 7. h3 Bxf3 8. Bxf3 Qa5 9. 0-0 e6 10. d4 Bd6 11. c3 Nbd7 12. Ne2 Qc7 13. g3 h6 14. Bg2 0-0 15. Qc2 Rac8 16. Bd2 a6 17. Rad1 Rfd8 18. Rfe1 b5 19. Bc1 Nb6 20. Qd3 c5 21. Qf3 Nbd5 22. a3 c4 23. Kf1 a5 24. h4 b4 25. axb4 axb4 26. Bh3 Rb8 27. Kg1 bxc3 28. bxc3 Rb3 29. Kg2 Ra8 30. g4 Nh7 31. g5 hxg5 32. hxg5 g6 33. Bg4 Bf8 34. Rh1 Bg7 35. Nf4 Qd6 36. Nxe6 Rxc3 37. Rxh7 fxe6 38. Qe4 Kxh7 39. Bxe6 Bf8 40. Qh4+ 1-0

[Event "GRE-chT 41st"]
[Site "Achaia"]
[Date "2013.07.04"]
[Round "3.2"]
[White "Kanellopoulos, Panayotis"]
[Black "Moutousis, Konstantinos"]
[Result "0-1"]
[WhiteElo "2241"]
[BlackElo "2422"]
[PlyCount "126"]
[EventDate "2013.07.02"]
[EventType "team-swiss"]
[EventRounds "7"]
[EventCountry "GRE"]
[SourceTitle "CBM 155 Extra"]
[Source "ChessBase"]
[SourceDate "2013.08.26"]
[SourceVersion "1"]
[SourceVersionDate "2013.08.26"]
[SourceQuality "1"]
[WhiteTeam "Patron CN"]
[BlackTeam "AEK"]
[WhiteTeamCountry "GRE"]
[BlackTeamCountry "GRE"]

1. Nf3 g6 2. c4 Bg7 3. Nc3 Nf6 4. g3 0-0 5. Bg2 d6 6. 0-0 c6 7. d4 Qa5 8. d5 Qa6 9. Nd2 Bd7 10. e4 Qb6 11. Nb3 Na6 12. h3 e5 13. Bg5 c5 14. g4 h6 15. Bd2 Kh7 16. Nb5 Bxb5 17. Ba5 Bxc4 18. Bxb6 axb6 19. Re1 Nb4 20. a3 Nd3 21. Re3 Nf4 22. Nd2 Bb5 23. Bf1 Bxf1 24. Qxf1 h5 25. g5 Ne8 26. Qb5 f6 27. gxf6 Bxf6 28. Qxb6 Rf7 29. Nc4 Rd8 30. b4 cxb4 31. axb4 Bh4 32. Kh2 Rdd7 33. Rf3 Bd8 34. Qe3 Nf6 35. Rg3 g5 36. f3 g4 37. fxg4 hxg4 38. hxg4 Kg6 39. Rf1 Nh7 40. Rgf3 Bg5 41. Qb6 Nf6 42. Nxd6 Rh7+ 43. Kg1 Rh4 44. Kf2 Nxg4+ 45. Ke1 Bd8 46. Qc5 Rc7 47. Qb5 Rh2 48. Kd1 Ra2 49. Qe8+ Kh7 50. Rh3+ Nxh3 51. Rf7+ Rxf7 52. Qxf7+ Kh6 53. Qf8+ Kg5 54. Qxd8+ Kf4 55. Kc1 Nhf2 56. Kb1 Re2 57. Qf8+ Ke3 58. Nf5+ Kd3 59. Qc5 Nxe4 60. Qb5+ Kd2 61. Qc4 Ngf2 62. Qc1+ Kd3 63. Qf1 Nd2+ 0-1

[Event "GRE-chT 41st"]
[Site "Achaia"]
[Date "2013.07.02"]
[Round "1.2"]
[White "Moutousis, Konstantinos"]
[Black "Macieja, Bartlomiej"]
[Result "0-1"]
[WhiteElo "2422"]
[BlackElo "2583"]
[PlyCount "98"]
[EventDate "2013.07.02"]
[EventType "team-swiss"]
[EventRounds "7"]
[EventCountry "GRE"]
[SourceTitle "CBM 155 Extra"]
[Source "ChessBase"]
[SourceDate "2013.08.26"]
[SourceVersion "1"]
[SourceVersionDate "2013.08.26"]
[SourceQuality "1"]
[WhiteTeam "AEK"]
[BlackTeam "Corinth Argonaftis"]
[WhiteTeamCountry "GRE"]
[BlackTeamCountry "GRE"]

1. d4 Nf6 2. c4 e6 3. Nc3 Bb4 4. e3 0-0 5. Nge2 d5 6. a3 Be7 7. Ng3 b6 8. cxd5 Nxd5 9. Nxd5 exd5 10. Bd3 c5 11. dxc5 bxc5 12. 0-0 Be6 13. Nh5 Nc6 14. Nf4 Qd6 15. Nxe6 Qxe6 16. Re1 Rfd8 17. Bd2 c4 18. Bc2 Bf6 19. Rb1 Rab8 20. b4 a6 21. h3 g6 22. Qg4 Qxg4 23. hxg4 d4 24. exd4 Nxd4 25. Be4 Nf3+ 26. gxf3 Rxd2 27. Red1 Rbd8 28. Rxd2 Rxd2 29. Rc1 c3 30. Rc2 Rd1+ 31. Kg2 Ra1 32. f4 Rxa3 33. Bd3 h6 34. Kf3 g5 35. fxg5 hxg5 36. Ke3 Ra4 37. f3 Kg7 38. Bc4 a5 39. Kd3 Rxb4 40. Ra2 a4 41. Re2 Rb1 42. Ra2 Rd1+ 43. Ke2 Rd4 44. Bb5 a3 45. Bd3 Be7 46. Bf5 Rd2+ 47. Rxd2 cxd2 48. Bb1 Bb4 49. Ba2 f6 0-1

[Event "GRE-ch 62nd"]
[Site "Athens"]
[Date "2012.11.29"]
[Round "6"]
[White "Filippas, Sebastian"]
[Black "Moutousis, Konstantinos"]
[Result "0-1"]
[WhiteElo "2310"]
[BlackElo "2426"]
[PlyCount "78"]
[EventDate "2012.11.24"]
[EventType "tourn"]
[EventRounds "9"]
[EventCountry "GRE"]
[EventCategory "7"]
[SourceTitle "CBM 151 Extra"]
[Source "ChessBase"]
[SourceDate "2012.12.18"]
[SourceVersion "1"]
[SourceVersionDate "2012.12.18"]
[SourceQuality "1"]

1. e4 c5 2. Nf3 d6 3. d4 cxd4 4. Nxd4 Nf6 5. Nc3 Nc6 6. Bg5 e6 7. Qd2 a6 8. 0-0-0 Bd7 9. f4 b5 10. Bxf6 gxf6 11. Kb1 Qb6 12. Nce2 h5 13. f5 Nxd4 14. Nxd4 e5 15. Ne2 b4 16. h4 Ke7 17. Rh3 Bh6 18. Qe1 Rhc8 19. Nc1 a5 20. Nd3 Qc7 21. Qf2 Bc6 22. Re1 Qb7 23. Qf3 Rh8 24. Nf2 d5 25. exd5 Bxd5 26. Ne4 Bd2 27. Qf2 Bxe4 28. Qc5+ Kd8 29. Rd1 Qe7 30. Rxd2+ Ke8 31. Qb5+ Kf8 32. b3 Bxf5 33. Rf3 Bg4 34. Rfd3 Kg7 35. Be2 Rhb8 36. Qc4 Rc8 37. Qe4 f5 38. Rd7 fxe4 39. Rxe7 e3 0-1